000 00741cam a2200181 4500
001 WB3747-30
008 011213n2001 000 0 eng u
035 _a(Sirsi) u115987
245 _aYoung surveyors and Jubilee
260 _c2001
490 _aRICS Press Release
_v(pr131) 12 December 2001, (2)
520 _aRICS Junior Organisation (JO) has been selected to organise the official Anchor Chain of beacons that will form part of the 2002 Summer Party to celebrate the Golden Jubilee of Her Majesty the Queen. The beacons, located on 135 sites across the UK, will be lit on Monday 3 June 2002.
590 _aWB
650 _aABOUT RICS-RICS JUNIOR ORGANISATION
650 _aJUBILEE BEACONS
690 _aRICS NEWS
942 _n0
999 _c69104
_d69104